Claudii Aeliani Varia historia epistolae fragmenta

Αποθηκεύτηκε σε:
Λεπτομέρειες βιβλιογραφικής εγγραφής
Κύριος συγγραφέας: Αιλιανός, 3ος αι
Μορφή: Βιβλίο
Γλώσσα:Ancient Greek
Latin
Δημοσίευση: Lipsiae : In aedibus B. G. Teubneri, 1866.
Σειρά:Animalium natura libri XVII 2
Θέματα:
Ετικέτες: Προσθήκη ετικέτας
Δεν υπάρχουν, Καταχωρήστε ετικέτα πρώτοι!

MARC

LEADER 00000cam a2200000 i 4500
001 1/68359
008 150304s1866 gw | ||| |||| ||grc||
035 |l 10121339 
040 |a GR-MyUA  |b gre  |e AACR2 
041 1 |a grc  |h lat 
082 0 |a 938  |2 (23) 
100 0 |a Αιλιανός,   |d 3ος αι. 
245 1 0 |a Claudii Aeliani Varia historia epistolae fragmenta /   |c ex recognitione Rudolphi Hercheri.  
246 3 3 |a Varia historia epistolae fragmenta 
260 |a Lipsiae :   |b In aedibus B. G. Teubneri,   |c 1866.  
300 |a lxvi, 662 σ. ;   |c 19 εκ.  
490 1 |a (Animalium natura libri XVII   |v ; 2)  
500 |a Στο verso ετικέτα "Τη Πορφυριάδι Σχολή, Μαρουδιώ Κ. Νικολάου". Στο recto σφραγίδα "Πορφυριάς Αστική Σχολή Καρλοβασίων" με αρ. 921. 
650 0 0 |a History, Ancient. 
700 1 |a Hercher, Rudolf,   |d 1821-1878,  |e oth 
830 0 |a Animalium natura libri XVII  |v 2 
852 |a INST  |b SAMOS  |c PORFYRIADA  |e 20150304  |h 938 ΑΙΛ  |p 005300041897  |q 005300041897  |t NOLOAN  |v τ.2:  |y 23  |z τ.2 
853 |a INST  |b SAMOS  |c PORFYRIADA  |h 938 ΑΙΛ 
901 |a BIBL3-2015-1 
909 |a Σ  |b 191930 
970 |a ΣΙΤΖΙΜΗ  |b ΓΙΑΣΕΜΗ  |z 2015/03/04